| Tag |
First Indicator |
Second Indicator |
Subfields |
| LEADER |
00000cam a22000004a 4500 |
| 001 |
in00001628721 |
| 005 |
20151023070236.0 |
| 008 |
990809s1999 ru b 000 0 ruso |
| 010 |
|
|
|a 99235110
|
| 020 |
|
|
|a 5857590655
|
| 035 |
|
|
|a (OCoLC)ocm45104973
|
| 040 |
|
|
|a DLC
|c DLC
|d TXA
|d UtOrBLW
|
| 042 |
|
|
|a pcc
|
| 043 |
|
|
|a ee-----
|
| 049 |
|
|
|a TXAM
|
| 050 |
0 |
0 |
|a P99.37.S57
|b M57 1999
|
| 245 |
0 |
0 |
|a Mir zvuchashchiĭ i molchashchiĭ :
|b semiotika zvuka i rechi v tradit︠s︡ionnoĭ kulʹture slavi︠a︡n /
|c [S.M. Tolstai︠a︡ (otvetstvennyĭ redaktor)].
|
| 264 |
|
1 |
|a Moskva :
|b Indrik,
|c 1999.
|
| 300 |
|
|
|a 331 pages ;
|c 20 cm.
|
| 336 |
|
|
|a text
|b txt
|2 rdacontent
|
| 337 |
|
|
|a unmediated
|b n
|2 rdamedia
|
| 338 |
|
|
|a volume
|b nc
|2 rdacarrier
|
| 490 |
1 |
|
|a Biblioteka Instituta slavi︠a︡novedenii︠a︡ ;
|v 11
|
| 504 |
|
|
|a Includes bibliographical references.
|
| 650 |
|
0 |
|a Semiotics
|z Slavic countries.
|
| 650 |
|
0 |
|a Language and culture
|z Slavic countries.
|
| 650 |
|
0 |
|a Folklore
|z Slavic counries.
|
| 651 |
|
0 |
|a Slavic countries
|x Social life and customs.
|
| 700 |
1 |
|
|a Tolstai︠a︡, S. M.
|
| 830 |
|
0 |
|a Biblioteka Instituta slavi︠a︡novedenii︠a︡ ;
|v 11.
|
| 994 |
|
|
|a E0
|b TXA
|
| 948 |
|
|
|a cataloged
|b h
|c 2001/9/21
|d c
|e tchubaryan
|f 1:37:31 pm
|
| 999 |
|
|
|a MARS
|
| 999 |
f |
f |
|s 33eae483-f145-30de-9c29-7bef5ac948f7
|i 6e9357a3-de1b-30e6-b412-b174ac9c7213
|t 0
|
| 952 |
f |
f |
|p ric
|a Texas A&M University
|b Rellis Campus
|c Joint Library Facility
|d Remote Storage
|t 0
|e P99.37.S57 M57 1999
|h Library of Congress classification
|i unmediated -- volume
|m A14828079999
|
| 998 |
f |
f |
|a P99.37.S57 M57 1999
|t 0
|l Remote Storage
|